[Event "Recklinghausen op 16th"]
[Site "Recklinghausen"]
[Date "2006.10.14"]
[Round "7"]
[White "Langers, Alexander"]
[Black "Kreslawski, Raimond"]
[Result "0-1"]
[WhiteElo "2151"]
[BlackElo "2191"]
[PlyCount "54"]
[EventDate "2006.10.07"]
[EventType "swiss"]
[EventRounds "7"]
[EventCountry "GER"]
[SourceTitle "CBM 114 Extra"]
[Source "ChessBase"]
[SourceDate "2006.11.03"]
[SourceVersion "1"]
[SourceVersionDate "2006.11.03"]
[SourceQuality "1"]

1. e4 e5 2. Nf3 Nf6 3. Nxe5 d6 4. Nf3 Nxe4 5. Nc3 Nf6 6. d4 Be7 7. Bg5 d5 8. Bd3 Bg4 9. h3 Bh5 10. g4 Bg6 11. Ne5 c6 12. Bxg6 hxg6 13. Qf3 Nbd7 14. 0-0-0 Nxe5 15. dxe5 Nd7 16. Bf4 Nc5 17. Be3 Ne6 18. Ne2 Qc7 19. Qg3 g5 20. Nd4 0-0-0 21. Nxe6 fxe6 22. f4 gxf4 23. Bxf4 Rdf8 24. Rhf1 Bh4 25. Qe3 Qb6 26. Qd2 Qa6 27. Kb1 g5 0-1

[Event "Recklinghausen op 16th"]
[Site "Recklinghausen"]
[Date "2006.10.11"]
[Round "3"]
[White "Gehring, Sven"]
[Black "Kreslawski, Raimond"]
[Result "0-1"]
[WhiteElo "1699"]
[BlackElo "2191"]
[PlyCount "40"]
[EventDate "2006.10.07"]
[EventType "swiss"]
[EventRounds "7"]
[EventCountry "GER"]
[SourceTitle "CBM 114 Extra"]
[Source "ChessBase"]
[SourceDate "2006.11.03"]
[SourceVersion "1"]
[SourceVersionDate "2006.11.03"]
[SourceQuality "1"]

1. e4 c5 2. Nf3 Nc6 3. d4 cxd4 4. Nxd4 g6 5. c4 Nf6 6. Nc3 d6 7. Be2 Nxd4 8. Qxd4 Bg7 9. Qd1 Bd7 10. 0-0 Bc6 11. Qc2 0-0 12. f4 Nd7 13. Nd5 e6 14. Kh1 Nc5 15. Nc3 Bxc3 16. Qxc3 Nxe4 17. Qh3 Qb6 18. Be3 Qxb2 19. Bg4 f5 20. Bf3 Qc3 0-1

[Event "Recklinghausen op 16th"]
[Site "Recklinghausen"]
[Date "2006.10.09"]
[Round "1"]
[White "Kusnetsov, Mark"]
[Black "Kreslawski, Raimond"]
[Result "0-1"]
[WhiteElo "2012"]
[BlackElo "2191"]
[PlyCount "46"]
[EventDate "2006.10.07"]
[EventType "swiss"]
[EventRounds "7"]
[EventCountry "GER"]
[SourceTitle "CBM 114 Extra"]
[Source "ChessBase"]
[SourceDate "2006.11.03"]
[SourceVersion "1"]
[SourceVersionDate "2006.11.03"]
[SourceQuality "1"]

1. e4 c5 2. Nf3 Nc6 3. d4 cxd4 4. Nxd4 g6 5. Nc3 Bg7 6. Be3 Nf6 7. Be2 0-0 8. 0-0 d6 9. Nb3 Be6 10. f4 a5 11. a3 Qc8 12. Nd5 Nd7 13. Rb1 a4 14. Nd2 Bxd5 15. exd5 Nd4 16. c3 Nxe2+ 17. Qxe2 Nf6 18. Qd3 Ra5 19. c4 b5 20. cxb5 Qb7 21. b6 Nxd5 22. b4 Nxe3 23. bxa5 Qxg2# 0-1

[Event "NRW-ch"]
[Site "Hattingen"]
[Date "2005.10.03"]
[Round "3"]
[White "Trella, Thomas"]
[Black "Kreslawski, Raimond"]
[Result "1-0"]
[WhiteElo "2215"]
[BlackElo "2245"]
[PlyCount "83"]
[EventDate "2005.10.01"]
[EventType "swiss"]
[EventRounds "7"]
[EventCountry "GER"]
[SourceTitle "CBM 108 Extra"]
[Source "ChessBase"]
[SourceDate "2005.11.04"]
[SourceVersion "1"]
[SourceVersionDate "2005.11.04"]
[SourceQuality "1"]

1. e4 c5 2. Nc3 Nc6 3. Bb5 g6 4. Bxc6 dxc6 5. d3 Bg7 6. Be3 b6 7. Qd2 Nf6 8. h3 e5 9. Nge2 Nd7 10. 0-0 Nf8 11. a4 a5 12. Bh6 Bxh6 13. Qxh6 Ne6 14. f4 exf4 15. Nxf4 Nxf4 16. Qxf4 Be6 17. Kh1 0-0 18. e5 Bd5 19. Ne2 Ra7 20. Ng3 f5 21. exf6 Raf7 22. Qe5 Rxf6 23. Kg1 Rxf1+ 24. Rxf1 c4 25. dxc4 Rxf1+ 26. Nxf1 Bxc4 27. Ne3 Bd5 28. Nxd5 cxd5 29. c3 Kf7 30. Kf1 Qf6+ 31. Qxf6+ Kxf6 32. Kf2 Kf5 33. Kf3 Ke5 34. Ke3 Kf5 35. Kd4 Ke6 36. b4 Kd6 37. bxa5 bxa5 38. c4 dxc4 39. Kxc4 Kc6 40. h4 h6 41. g4 Kd6 42. Kb5 1-0

[Event "Recklinghausen op 15th"]
[Site "Recklinghausen"]
[Date "2005.08.04"]
[Round "4"]
[White "Bubolz, Konstantin"]
[Black "Kreslawski, Raimond"]
[Result "1-0"]
[WhiteElo "2019"]
[BlackElo "2245"]
[PlyCount "84"]
[EventDate "2005.08.01"]
[EventType "swiss"]
[EventRounds "7"]
[EventCountry "GER"]
[SourceTitle "CBM 107 Extra"]
[Source "ChessBase"]
[SourceDate "2005.09.01"]
[SourceVersion "1"]
[SourceVersionDate "2005.09.01"]
[SourceQuality "1"]

1. d4 Nf6 2. c4 c5 3. d5 e5 4. Nc3 d6 5. g3 Be7 6. Bg2 0-0 7. e4 Ne8 8. Nh3 Na6 9. 0-0 Bd7 10. Be3 Qc8 11. Ng5 Nac7 12. a4 b6 13. Nf3 a6 14. Ne1 Nf6 15. Qc2 b5 16. b3 bxc4 17. bxc4 Rb8 18. Nd3 Ng4 19. Bd2 f5 20. f3 Nf6 21. Rab1 fxe4 22. fxe4 Rxb1 23. Rxb1 Bh3 24. Rb6 Bxg2 25. Kxg2 Nce8 26. Qb1 Bd8 27. Rb8 Qd7 28. Rb7 Qg4 29. Nf2 Qh5 30. Qd1 Qg6 31. Qe2 Nh5 32. Kh1 Ba5 33. Ncd1 Bxd2 34. Qxd2 Nef6 35. Qe2 Qxg3 36. Qxh5 Qxf2 37. Rxg7+ Kh8 38. Rxh7+ Nxh7 39. Nxf2 Rxf2 40. Kg1 Rf4 41. Qe8+ Rf8 42. Qe7 Rf6 1-0

[Event "Recklinghausen op 15th"]
[Site "Recklinghausen"]
[Date "2005.08.01"]
[Round "1"]
[White "Kreslawski, Raimond"]
[Black "Distelrath, Oliver"]
[Result "1-0"]
[WhiteElo "2245"]
[BlackElo "2029"]
[PlyCount "73"]
[EventDate "2005.08.01"]
[EventType "swiss"]
[EventRounds "7"]
[EventCountry "GER"]
[SourceTitle "CBM 107 Extra"]
[Source "ChessBase"]
[SourceDate "2005.09.01"]
[SourceVersion "1"]
[SourceVersionDate "2005.09.01"]
[SourceQuality "1"]

1. e4 c6 2. d4 d5 3. Nc3 dxe4 4. Nxe4 Nf6 5. Nxf6+ exf6 6. Bc4 Qe7+ 7. Qe2 Be6 8. Bb3 Bxb3 9. Qxe7+ Bxe7 10. axb3 Bd6 11. Ne2 0-0 12. Be3 Na6 13. 0-0-0 b5 14. c3 Nc7 15. Bf4 Bxf4+ 16. Nxf4 a5 17. Rhe1 Rfe8 18. Kc2 Rxe1 19. Rxe1 Kf8 20. Nd3 Ne6 21. f4 g6 22. g3 h5 23. f5 Ng5 24. Nf4 Nf3 25. Re2 a4 26. bxa4 bxa4 27. fxg6 fxg6 28. Re6 Kg7 29. h4 c5 30. dxc5 Rc8 31. Ra6 Nh2 32. Rxa4 Nf1 33. Ra7+ Kh6 34. Rf7 Rc6 35. b4 Nxg3 36. Nd5 f5 37. Ne7 1-0

[Event "Ruhrgebiet VL2 0405"]
[Site "Ruhrgebiet"]
[Date "2005.03.13"]
[Round "8.2"]
[White "Duengen, Wolfgang"]
[Black "Kreslawski, Raimond"]
[Result "0-1"]
[WhiteElo "2059"]
[BlackElo "2133"]
[PlyCount "86"]
[EventDate "2004.09.12"]
[EventType "team"]
[EventRounds "9"]
[EventCountry "GER"]
[SourceTitle "EXT 2006"]
[Source "ChessBase"]
[SourceDate "2005.11.24"]
[SourceVersion "1"]
[SourceVersionDate "2005.11.24"]
[SourceQuality "1"]
[WhiteTeam "Dortmund Hansa II"]
[BlackTeam "Altstadt RE"]
[WhiteTeamCountry "GER"]
[BlackTeamCountry "GER"]

1. Nf3 d5 2. c4 d4 3. e3 Nc6 4. exd4 Nxd4 5. Nxd4 Qxd4 6. Nc3 Nf6 7. d3 e5 8. Be3 Qd8 9. Be2 c6 10. 0-0 Be6 11. Bf3 Be7 12. Qe2 0-0 13. Rfd1 Qa5 14. a3 Qc7 15. d4 exd4 16. Bxd4 Qf4 17. c5 Rfd8 18. Be5 Qf5 19. b4 Kf8 20. Rac1 Rac8 21. Bg3 h5 22. Ne4 Bd5 23. Nxf6 Bxf3 24. Rxd8+ Rxd8 25. Nh7+ Qxh7 26. Qxf3 h4 27. Be5 Qd3 28. Qxd3 Rxd3 29. Bc3 Bg5 30. f4 Bxf4 31. Rc2 Rd1+ 32. Kf2 Bxh2 33. Bd2 f6 34. Ke2 Ra1 35. Rc3 Ra2 36. Kd1 Be5 37. Rd3 Ke7 38. Re3 Ke6 39. Ke1 g5 40. Kd1 g4 41. Re4 Kf5 42. Re3 Rxd2+ 43. Kxd2 Bf4 0-1

[Event "Ruhrgebiet VL2 0405"]
[Site "Ruhrgebiet"]
[Date "2005.01.09"]
[Round "5.1"]
[White "Friedl, Thomas"]
[Black "Kreslawski, Raimond"]
[Result "1/2-1/2"]
[WhiteElo "2085"]
[BlackElo "2133"]
[PlyCount "84"]
[EventDate "2004.09.12"]
[EventType "team"]
[EventRounds "9"]
[EventCountry "GER"]
[SourceTitle "EXT 2006"]
[Source "ChessBase"]
[SourceDate "2005.11.24"]
[SourceVersion "1"]
[SourceVersionDate "2005.11.24"]
[SourceQuality "1"]
[WhiteTeam "Castrop Rauxel II"]
[BlackTeam "Altstadt RE"]
[WhiteTeamCountry "GER"]
[BlackTeamCountry "GER"]

1. b3 e5 2. Bb2 d6 3. e3 Nf6 4. c4 g6 5. Nf3 Bg7 6. d4 e4 7. Nfd2 0-0 8. Nc3 Re8 9. Be2 h5 10. h3 c6 11. g4 hxg4 12. hxg4 Qa5 13. Rg1 d5 14. Qc2 Be6 15. a3 Nbd7 16. 0-0-0 Rac8 17. c5 Qd8 18. f3 exf3 19. Bxf3 Nh7 20. Nf1 Ng5 21. Be2 b6 22. b4 bxc5 23. dxc5 a5 24. Nb1 axb4 25. Bxg7 Kxg7 26. axb4 Qf6 27. Rd4 Rh8 28. Rf4 Qe5 29. Qc3 Nh3 30. Qxe5+ Nxe5 31. Rg3 Nxf4 32. exf4 Nxg4 33. Bxg4 Bxg4 34. Rxg4 Rh1 35. Nbd2 f5 36. Rg3 Rb8 37. Rb3 Rh4 38. Ne3 Rxf4 39. b5 d4 40. Nd5 cxd5 41. b6 Kf7 42. c6 Ke7 1/2-1/2

[Event "Ruhrgebiet VL1 0304"]
[Site "Ruhrgebiet"]
[Date "2004.08.02"]
[Round "6.1"]
[White "Fuellgrabe, Thomas"]
[Black "Kreslawski, Raimond"]
[Result "1-0"]
[WhiteElo "2295"]
[BlackElo "2179"]
[PlyCount "81"]
[EventDate "2003.09.28"]
[EventType "team"]
[EventRounds "9"]
[EventCountry "GER"]
[SourceTitle "EXT 2007"]
[Source "ChessBase"]
[SourceDate "2006.11.23"]
[SourceVersion "1"]
[SourceVersionDate "2006.11.23"]
[SourceQuality "1"]
[WhiteTeam "Welper SV"]
[BlackTeam "Gelsenkirchen II"]
[WhiteTeamCountry "GER"]
[BlackTeamCountry "GER"]

1. e4 c5 2. Nf3 Nc6 3. Bb5 g6 4. Bxc6 dxc6 5. d3 Bg7 6. h3 Nf6 7. Nc3 Nd7 8. Be3 e5 9. Qd2 h6 10. 0-0 Qe7 11. a4 Nf8 12. a5 Ne6 13. Na4 Nd4 14. Qd1 0-0 15. c3 Ne6 16. Qb3 Rb8 17. Qa3 b6 18. axb6 axb6 19. b4 cxb4 20. Qxb4 c5 21. Qb3 Qd6 22. c4 Bd7 23. Nc3 Nf4 24. Nd5 Nxd5 25. cxd5 Ra8 26. Nd2 b5 27. Qc3 Rxa1 28. Rxa1 Rc8 29. Ra5 Bf8 30. Qa1 c4 31. Ra6 Qb4 32. dxc4 bxc4 33. Rb6 Qa4 34. Qc3 Qa3 35. Qxe5 Bg7 36. Qd6 Qxd6 37. Rxd6 Ba4 38. Ra6 Bc2 39. Rc6 Rxc6 40. dxc6 Ba4 41. c7 1-0

[Event "Ruhrgebiet-ch"]
[Site "Oberhausen"]
[Date "2004.06.18"]
[Round "5"]
[White "Kartsev, Soel"]
[Black "Kreslawski, Raimond"]
[Result "1-0"]
[WhiteElo "2140"]
[BlackElo "2167"]
[PlyCount "65"]
[EventDate "2004.06.10"]
[EventType "swiss"]
[EventRounds "7"]
[EventCountry "GER"]
[SourceTitle "EXT 2006"]
[Source "ChessBase"]
[SourceDate "2005.11.24"]
[SourceVersion "1"]
[SourceVersionDate "2005.11.24"]
[SourceQuality "1"]

1. d4 Nf6 2. Bg5 e6 3. Nf3 b6 4. Nbd2 Bb7 5. e4 Be7 6. Bd3 d5 7. e5 Ne4 8. Bxe7 Qxe7 9. 0-0 Nxd2 10. Qxd2 0-0 11. Ng5 h6 12. Nh7 Rd8 13. f4 Ba6 14. f5 Bxd3 15. Qxd3 exf5 16. Rxf5 Qe6 17. Raf1 Qg6 18. Nf6+ gxf6 19. R1f3 Kh8 20. Rg3 Qh7 21. Rxf6 Rg8 22. Qxh7+ Kxh7 23. Rxf7+ Kh8 24. Rh3 Rg7 25. Rf6 Kg8 26. Rfxh6 Kf8 27. Rf3+ Kg8 28. Rfh3 Kf8 29. Rf3+ Kg8 30. Rfh3 Kf8 31. Rh8+ Rg8 32. Rf3+ Kg7 33. Rh4 1-0

[Event "Ruhrgebiet VL1 0304"]
[Site "Ruhrgebiet"]
[Date "2004.01.11"]
[Round "5.1"]
[White "Schulenburg, Pit"]
[Black "Kreslawski, Raimond"]
[Result "1/2-1/2"]
[WhiteElo "2242"]
[BlackElo "2179"]
[PlyCount "112"]
[EventDate "2003.09.28"]
[EventType "team"]
[EventRounds "9"]
[EventCountry "GER"]
[SourceTitle "EXT 2007"]
[Source "ChessBase"]
[SourceDate "2006.11.23"]
[SourceVersion "1"]
[SourceVersionDate "2006.11.23"]
[SourceQuality "1"]
[WhiteTeam "Dortmund FS 98"]
[BlackTeam "Gelsenkirchen II"]
[WhiteTeamCountry "GER"]
[BlackTeamCountry "GER"]

1. g3 d5 2. Bg2 Nf6 3. d3 c6 4. Nd2 e5 5. e4 Bg4 6. Ne2 dxe4 7. dxe4 Bc5 8. 0-0 h5 9. Qe1 h4 10. Nb3 Bb6 11. Bg5 hxg3 12. Nxg3 Nbd7 13. Qc3 Qe7 14. a4 a5 15. Nf5 Bxf5 16. exf5 Ne4 17. Qxa5 Bxa5 18. Bxe7 Kxe7 19. Bxe4 Rh4 20. Bg2 Rf4 21. c3 Bc7 22. a5 Rxf5 23. Rfd1 Rg5 24. Kf1 e4 25. Bxe4 Nc5 26. Nxc5 Rxc5 27. Re1 Kf6 28. Rad1 Rd8 29. Rxd8 Bxd8 30. Rd1 Ke7 31. b4 Rxc3 32. Bf5 b6 33. a6 Ra3 34. Bc8 b5 35. Rd7+ Ke8 36. Rd6 Be7 37. Rxc6 Bxb4 38. Rb6 Bc5 39. Rxb5 Bd4 40. Rb4 Bc5 41. Rb5 Bd4 42. Rd5 Bb6 43. Bd7+ Ke7 44. Bb5 Ra5 45. Rd7+ Ke6 46. Rb7 Rxb5 47. a7 Ra5 48. Rxb6+ Ke7 49. Rb7+ Kf6 50. h4 Ra1+ 51. Kg2 Kg6 52. Kg3 Ra4 53. f3 f5 54. Kf2 Ra3 55. Ke2 Kh6 56. f4 g6 1/2-1/2

[Event "Oberliga NRW 0203 II"]
[Site "Germany"]
[Date "2003.02.16"]
[Round "6.8"]
[White "Kreslawski, Raimond"]
[Black "Krueger, Andre"]
[Result "1/2-1/2"]
[WhiteElo "2216"]
[BlackElo "2122"]
[PlyCount "90"]
[EventDate "2002.10.06"]
[EventType "team"]
[EventRounds "9"]
[EventCountry "GER"]
[SourceTitle "EXT 2004"]
[Source "ChessBase"]
[SourceDate "2003.11.25"]
[SourceVersion "1"]
[SourceVersionDate "2003.11.25"]
[SourceQuality "1"]
[WhiteTeam "Gelsenkirchen"]
[BlackTeam "Bergheim"]
[WhiteTeamCountry "GER"]
[BlackTeamCountry "GER"]

1. e4 e6 2. d4 d5 3. Nc3 Bb4 4. e5 Ne7 5. Nf3 c5 6. Bd2 Nbc6 7. Nb5 Bxd2+ 8. Qxd2 0-0 9. dxc5 b6 10. cxb6 Qxb6 11. Bd3 Ng6 12. Bxg6 Qxb5 13. Bd3 Qxb2 14. 0-0 Nxe5 15. Nxe5 Qxe5 16. Rab1 Qc7 17. Qb4 Bd7 18. f4 Rab8 19. Qd4 Rxb1 20. Rxb1 Rb8 21. Rxb8+ Qxb8 22. Kf2 Qb6 23. Qxb6 axb6 24. Ke3 Kf8 25. Kd4 h6 26. f5 Ke7 27. fxe6 Kxe6 28. g3 Kd6 29. c3 Bg4 30. Ba6 Kc6 31. Bd3 f6 32. Bf1 Bf3 33. Ke3 Bh1 34. Kd4 g5 35. Bd3 Bf3 36. Ke3 Bh1 37. Kd4 Kd6 38. a3 Bg2 39. Be2 Bh3 40. Bf3 Be6 41. Bg2 g4 42. Bh1 h5 43. Bg2 f5 44. Bf1 Bf7 45. Bd3 Be6 1/2-1/2

[Event "Oberliga NRW 0203 II"]
[Site "Germany"]
[Date "2003.01.05"]
[Round "4.8"]
[White "Kreslawski, Raimond"]
[Black "Werner, Knud"]
[Result "1-0"]
[WhiteElo "2216"]
[BlackElo "2278"]
[PlyCount "73"]
[EventDate "2002.10.06"]
[EventType "team"]
[EventRounds "9"]
[EventCountry "GER"]
[SourceTitle "EXT 2004"]
[Source "ChessBase"]
[SourceDate "2003.11.25"]
[SourceVersion "1"]
[SourceVersionDate "2003.11.25"]
[SourceQuality "1"]
[WhiteTeam "Gelsenkirchen"]
[BlackTeam "Duisburg/Hochheide"]
[WhiteTeamCountry "GER"]
[BlackTeamCountry "GER"]

1. e4 e6 2. d4 d5 3. Nc3 Nf6 4. e5 Nfd7 5. f4 c5 6. Nf3 Nc6 7. Be3 Qb6 8. Na4 Qa5+ 9. c3 c4 10. b4 Qc7 11. g3 b6 12. Bg2 Bb7 13. 0-0 a6 14. f5 exf5 15. Ng5 Nd8 16. Rxf5 Be7 17. Nxf7 Nxf7 18. e6 Nf6 19. exf7+ Kxf7 20. Bg5 Rad8 21. Qc2 h6 22. Bxf6 Bxf6 23. Raf1 Rd6 24. Nb2 Rhd8 25. Nd1 Bc8 26. R5f2 Qe7 27. Qh7 Kf8 28. Bf3 Be6 29. Bh5 Bg8 30. Qh8 Re6 31. Ne3 Rdd6 32. Nf5 Qc7 33. Nxh6 gxh6 34. Rxf6+ Rxf6 35. Rxf6+ Rxf6 36. Qxf6+ Bf7 37. Kf2 1-0